000 01051cam a22002175a 4500
001 L155999
008 120424s1815 xxk f 000 0 eng d
035 _a(Sirsi) u155999
041 0 _aeng
100 1 _aBlount, Thomas
_d1618-1679
245 0 0 _aFragmenta antiquitatis
_bor, Ancient tenures of land, and jocular customs of manors.
_cOriginally published by Thomas Blount, esq. ... Enlarged and corrected by Josiah Beckwith ... with considerable additions from authentic sources, by Hercules Malebysse Beckwith
260 _aLondon
_bPrinted by S. Brooke, Paternoster-Row, for for Messrs. Butterworth and Son ... Longman, Hurst, Rees, Orme and Brown, ... and Reed and Hunter ...
_c1815
300 _axvi, 670, xxviii, xxi, [1] p.
_c30 cm.
520 _aThe third edition; the first appeared in 1679, the second in 1784.
583 _aCondition reviewed
_c20120620
_lcondition level 1
651 4 _aGreat Britain
_y1707-
690 _aLand use
_96251
700 1 _aBeckwith, Josiah
_db. 1734
700 1 _aBeckwith, Hercules Malebysse
942 _n0
999 _c113969
_d113969